Rajd Monte Carlo - zwycięzcy (1950 - obecnie) - Statystyki

Ogólne statystyki
  • Ten quiz został rozwiązany 7 razy
  • Średni wynik to 34 z 74
Statystyki odpowiedzi
Rok Samochód Kraj pochodzenia Kierowca % Poprawnych
2003 Citroën Xsara WRC Francja Sébastien Loeb
100%
2004 Citroën Xsara WRC Francja Sébastien Loeb
100%
2005 Citroën Xsara WRC Francja Sébastien Loeb
100%
2007 Citroën C4 WRC Francja Sébastien Loeb
100%
2008 Citroën C4 WRC Francja Sébastien Loeb
100%
2009 Peugeot 207 S2000 Francja Sébastien Loeb
100%
2012 Citroën DS3 WRC Francja Sébastien Loeb
100%
2013 Citroën DS3 WRC Francja Sébastien Loeb
100%
2022 Ford Puma Rally1 Francja Sébastien Loeb
100%
2014 Volkswagen Polo R WRC Francja Sébastien Ogier
100%
2015 Volkswagen Polo R WRC Francja Sébastien Ogier
100%
2016 Volkswagen Polo R WRC Francja Sébastien Ogier
100%
2017 Ford Fiesta WRC Francja Sébastien Ogier
100%
2018 Ford Fiesta WRC Francja Sébastien Ogier
100%
2019 Citroën C3 WRC Francja Sébastien Ogier
100%
2021 Toyota Yaris WRC Francja Sébastien Ogier
100%
2023 Toyota Yaris WRC Francja Sébastien Ogier
100%
2025 Toyota GR Yaris Rally1 Francja Sébastien Ogier
100%
1991 Toyota Celica GT4 Hiszpania Carlos Sainz
86%
1995 Subaru Impreza 555 Hiszpania Carlos Sainz
86%
1998 Toyota Corolla WRC Hiszpania Carlos Sainz
86%
1965 Mini Cooper S Finlandia Timo Mäkinen
71%
1999 Mitsubishi Lancer Evo VI Finlandia Tommi Mäkinen
71%
2000 Mitsubishi Lancer Evo VI Finlandia Tommi Mäkinen
71%
2001 Mitsubishi Lancer Evo VI Finlandia Tommi Mäkinen
71%
2002 Subaru Impreza WRC Finlandia Tommi Mäkinen
71%
2010 Ford Fiesta S2000 Finlandia Mikko Hirvonen
57%
2020 Hyundai i20 Coupe WRC Belgia Thierry Neuville
57%
2024 Hyundai i20 N Rally1 Belgia Thierry Neuville
57%
1990 Lancia Delta Integrale HF Francja Didier Auriol
43%
1992 Lancia Delta Integrale HF Francja Didier Auriol
43%
1993 Toyota Celica Turbo 4WD Francja Didier Auriol
43%
1987 Lancia Delta Integrale HF 4x4 Włochy Miki Biasion
43%
1989 Lancia Delta Integrale HF Włochy Miki Biasion
43%
1980 Fiat 131 Abarth Niemcy Walter Röhrl
43%
1982 Opel Ascona 400 Niemcy Walter Röhrl
43%
1983 Lancia 037 Niemcy Walter Röhrl
43%
1984 Audi Quattro Niemcy Walter Röhrl
43%
1985 Peugeot 205 T16 Finlandia Ari Vatanen
29%
1969 Porsche 911 S Szwecja Björn Waldegård
29%
1970 Porsche 911 S Szwecja Björn Waldegård
29%
2011 Peugeot 207 S2000 Francja Bryan Bouffier
29%
1986 Lancia S4 Finlandia Henri Toivonen
29%
2006 Ford Focus WRC Finlandia Marcus Grönholm
29%
1966 Citroën DS21 Finlandia Pauli Toivonen
29%
1997 Subaru Impreza WRC97 Włochy Piero Liatti
29%
1972 Lancia Fulvia 1.6HF Włochy Sandro Munari
29%
1975 Lancia Stratos HF Włochy Sandro Munari
29%
1976 Lancia Stratos HF Włochy Sandro Munari
29%
1977 Lancia Stratos HF Włochy Sandro Munari
29%
1979 Lancia Stratos HF Francja Bernard Darniche
14%
1988 Lancia Delta HF 4x4 Francja Bruno Saby
14%
1994 Ford Escort RS Cosworth Francja François Delecour
14%
1981 Renault 5 Turbo Francja Jean Ragnotti
14%
1962 Saab 96 Szwecja Erik Carlsson
0%
1963 Saab 96 Szwecja Erik Carlsson
0%
1958 Renault Dauphine Francja Guy Monraisse
0%
1973 Renault Alpine A110 Francja Jean-Claude Andruet
0%
1978 Porsche 911 Carrera Francja Jean-Pierre Nicolas
0%
1951 Delahaye 175 Francja Jean Trevoux
0%
1954 Lancia Aurelia GT Monako Louis Chiron
0%
1950 Hotchkiss-Grégoire Francja Marcel Becquart
0%
1953 Ford Zephyr Holandia Maurice Gatsonides
0%
1961 Panhard PL17 Francja Maurice Martin
0%
1971 Renault Alpine A110 Szwecja Ove Andersson
0%
1964 Mini Cooper S Wielka Brytania Paddy Hopkirk
0%
1996 Ford Escort RS Cosworth Francja Patrick Bernardini
0%
1959 Citroën DS19 Francja Paul Coltelloni
0%
1955 Sunbeam-Talbot 90 Norwegia Per Malling
0%
1967 Mini Cooper S Finlandia Rauno Aaltonen
0%
1956 Jaguar Mark VII Wielka Brytania Ronnie Adams
0%
1952 Allard P1 Wielka Brytania Sydney Allard
0%
1968 Porsche 911 T Wielka Brytania Vic Elford
0%
1960 Mercedes 220SE Niemcy Walter Schock
0%
Nie znaleziono quizów pasujących do podanych kryteriów
Rozkład punktacji
Procent ludzi z każdym wynikiem
Percentyl według liczby udzielonych odpowiedzi
Twoja historia wyników
Nie rozwiązałeś tego quizu